Η κατοχύρωσις της δυναμικής θέσεως του μετόχου εις την ανώνυμον εταιρείαν
Αποθηκεύτηκε σε:
| Κύριος συγγραφέας: | |
|---|---|
| Μορφή: | Βιβλίο |
| Γλώσσα: | Greek |
| Δημοσίευση: |
Αθήναι :
Κλεισιούνης,
1963
|
| Θέματα: | |
| Ετικέτες: |
Προσθήκη ετικέτας
Δεν υπάρχουν, Καταχωρήστε ετικέτα πρώτοι!
|
MARC
| LEADER | 00000cam a2200000 i 4500 | ||
|---|---|---|---|
| 001 | 1/45669 | ||
| 008 | 070607s1963 gre d | ||
| 035 | |l 10088179 | ||
| 040 | |a GR-MY-UA |b gre |e aacr | ||
| 041 | 0 | |a gre | |
| 082 | 0 | |a 346.066 |2 (22) | |
| 100 | 1 | |a Τσιριντάνης, Αλέξανδρος Ν., |d 1903-1977. | |
| 245 | 1 | 2 | |a Η κατοχύρωσις της δυναμικής θέσεως του μετόχου εις την ανώνυμον εταιρείαν / |c Αλεξ. Ν. Τσιριντάνη |
| 260 | |a Αθήναι : |b Κλεισιούνης, |c 1963 | ||
| 300 | |a 547-560 σ.; |c 24 εκ. | ||
| 500 | |a Ανάτυπον εκ του Ερανιου προς Γεώργιον Σ. Μαριδάκην, τομ. Β' | ||
| 504 | |a Περιλαμβάνει βιβλιογραφία | ||
| 650 | 0 | 0 | |a Corporation law. |
| 650 | 0 | 0 | |a Stockholders |x Legal status, laws, etc. |
| 852 | |a INST |b CHIOS |e 20070607 |h 346.066 ΤΣΙ |p 005200026169 |q 005200026169 |t BK |y 0 | ||
| 901 | |a BIBL2-2007-2 | ||
| 909 | |a Χ |b 131059 | ||
| 970 | |a ΒΑΣΙΛΑΚΗ |b ΝΙΚΗ |z 2007/06/07 | ||